000 00411nam a2200157Ia 4500
008 210716s2005 xx 000 0 und d
020 _a8174390308
041 _aeng
082 _a658.314 STRJ
100 _aStraub, Joseph T.
245 _aAgile managers guide to motivating people.
250 _a1
260 _aNew Delhi
_bGemini Books
_c2005
300 _a95
650 _aHuman Resource Management(658.3)
999 _c199272
_d199272